Gestión de las cooperativas / (Registro nro. 11470)

Detalles MARC
000 -LEADER
fixed length control field 01308nam a2200253Ia 4500
003 - CONTROL NUMBER IDENTIFIER
control field OSt
005 - DATE AND TIME OF LATEST TRANSACTION
control field 20210414133130.0
008 - FIXED-LENGTH DATA ELEMENTS--GENERAL INFORMATION
fixed length control field 210310s1967 sp ado gr 000 0 spa d
040 ## - CATALOGING SOURCE
Original cataloging agency CO-JMCR
Transcribing agency CO-JMCR
041 ## - LANGUAGE CODE
Language code of text/sound track or separate title spa
082 04 - DEWEY DECIMAL CLASSIFICATION NUMBER
Classification number 334 /
Item number T454g
Edition number 23
100 1# - MAIN ENTRY--PERSONAL NAME
Personal name Thomas, E.H.,
Relator term autor
9 (RLIN) 25610
245 10 - TITLE STATEMENT
Title Gestión de las cooperativas /
Statement of responsibility, etc. E. H. Thomas ; traducción del francés por José Luis Arco Álvarez
250 ## - EDITION STATEMENT
Edition statement Segunda edición
260 ## - PUBLICATION, DISTRIBUTION, ETC.
Place of publication, distribution, etc. Madrid :
Name of publisher, distributor, etc. Aguilar,
Date of publication, distribution, etc. 1967
300 ## - PHYSICAL DESCRIPTION
Extent xviii, 298 páginas :
Other physical details ilustraciones, graficas y fotografías en blanco y negro ;
Dimensions 22 cm.
500 ## - GENERAL NOTE
General note Incluye índices de ilustraciones y gráficas.
504 ## - BIBLIOGRAPHY, ETC. NOTE
Bibliography, etc. note Bibliografía : páginas 295.
505 0# - FORMATTED CONTENTS NOTE
Formatted contents note Cómo analizar los problemas de gestión de vuestra cooperativa. -- Estructura de la cooperativa. -- Los problemas de producción y elaboración. -- Los problemas comerciales: vender, comprar, servir, almacenar. -- Problemas financieros y contables. -- Los problemas administrativos. -- Los problemas humanos. -- Dinámica de la gestión. -- Misión de los dirigentes de las cooperativas.
650 14 - SUBJECT ADDED ENTRY--TOPICAL TERM
Topical term or geographic name entry element Gestión en cooperativas
9 (RLIN) 25612
650 24 - SUBJECT ADDED ENTRY--TOPICAL TERM
Topical term or geographic name entry element Problemas en las gestión en cooperativas
9 (RLIN) 36824
700 1# - ADDED ENTRY--PERSONAL NAME
Personal name Arco Álvarez, José Luis del,
Relator term traductor
9 (RLIN) 36825
942 ## - ADDED ENTRY ELEMENTS (KOHA)
Source of classification or shelving scheme Dewey Decimal Classification
Koha item type Books
Existencias
Withdrawn status Lost status Source of classification or shelving scheme Damaged status Not for loan Home library Current library Shelving location Date acquired Source of acquisition Full call number Barcode Date last seen Copy number Price effective from Koha item type
    Dewey Decimal Classification     Biblioteca Pública José María del Castillo y Rada Biblioteca Pública José María del Castillo y Rada General Stacks 04/15/2018 Donación 334 / T454g 430012182 05/16/2024 Ej.1 03/10/2021 Books